أسوان المعرض الزراعى الصناعى

Saved in:

Format: Book

Language: Undetermined

Published: Cairo maktabat aliaietimad 1949

Tags: Add Tag

No Tags, Be the first to tag this record!

Call Number: E52 ASWA

LEADER 00302nam a2200109Ia 4500
008 240404s9999||||xx |||||||||||||| ||und||
050 4 |a E52 ASWA 
245 1 0 |a أسوان المعرض الزراعى الصناعى 
264 1 |a Cairo  |b maktabat aliaietimad   |c 1949 
300 |a 128  |c 24 
942 |2 lcc  |c BK 
999 |c 58003  |d 58003